| 000 | 003700000a22001450004500 | ||
|---|---|---|---|
| 003 | MACL | ||
| 040 | _aMACL | ||
| 090 |
_c43159 _d43157 |
||
| 100 | _aGangrade, K D | ||
| 245 | _aGandhian Perspective on Global Interdependence Peace and Role of Professional Social Work | ||
| 260 |
_bAuthors Press _c2008 |
||
| 350 | _a700 | ||
| 650 | _aSociology | ||
| 942 |
_cBOOK _k301/GAN |
||
| 999 |
_c42704 _d42704 |
||